| 000 | 00570nam a2200229Ia 4500 | ||
|---|---|---|---|
| 003 | OSt | ||
| 005 | 20220918174222.0 | ||
| 006 | a|||||r|||| 00| 0 | ||
| 007 | ta | ||
| 008 | 220917b |||||||| |||| 00| 0 eng d | ||
| 024 | _a11,173 | ||
| 037 | _cTextual | ||
| 040 |
_aARTS _cARTS _beng |
||
| 041 |
_2eng _aeng |
||
| 082 | _aMC5eK08, H7 | ||
| 100 |
_aThompson Allyn J _949574 |
||
| 245 | 0 | _aMaking your own telescope | |
| 260 | _c1942 | ||
| 650 | _aINDUSTRIAL ARTS | ||
| 942 |
_hMC5eK08, H7 _cTEXL _2CC |
||
| 999 |
_c152288 _d152288 |
||